Pays du monde - Mort subite - Niveau difficile - Statistiques

Statistiques générales
  • Ce quiz a été pris 1 705 fois
  • Le résultat moyen est 10 sur 23
Answers on the Grid
Answers color-coded by a green-red scale on the quiz's grid according to % correct below.
Bahamas
Monaco
Îles Heard-et-MacDonald
Palestine
Andorre
Comores
Hawaï
Guyana
Îles Cook
Swaziland
Niue
Kabylie
Dominique
Rajasthan
Jamaïque
Mongolie-Intérieure
Soudan du Sud
Malte
Hollande
Seychelles
Timor oriental
Sainte-Lucie
Québec
Papouasie-Nouvelle-Guinée
Groenland
Gambie
Irlande du Nord
Haïti
Azerbaïdjan
Grenade
Taïwan
Guinée équatoriale
Madagascar
Syldavie
Mauritanie
 
Statistiques - réponses
Réponse % Correct
Monaco
80%
Bahamas
77%
Andorre
75%
Comores
71%
Guyana
55%
Jamaïque
54%
Malte
51%
Timor oriental
50%
Gambie
49%
Seychelles
48%
Soudan du Sud
47%
Dominique
43%
Azerbaïdjan
42%
Papouasie-Nouvelle-Guinée
41%
Sainte-Lucie
40%
Haïti
38%
Grenade
35%
Madagascar
28%
Mauritanie
27%
Guinée équatoriale
24%
Palestine
18%
Îles Cook
6%
Niue
3%
Aucun quiz correspondant
Distribution des résultats
% des personnes avec chaque résultat
Percentile par nombre de réponses
Votre historique - résultats
Vous n’avez pas pris ce quiz